Complex Metallic Alloys : Structure and Thermodynamic Properties of Their Phases

Gespeichert in:
Bibliographische Detailangaben
1. Verfasser: Černičková, Ivona, 1974- (Verfasst von)
Weitere Verfasser: Dusza, Ján, 1952- (Rezension), Maťko, Igor (Rezension)
Format: Buch
Sprache:Englisch
Veröffentlicht: Dresden : IFW, 2013
Ausgabe:1st. ed.
Schlagworte:
Online-Zugang:PODKL
Tags: Tag hinzufügen
Keine Tags, Fügen Sie das erste Tag hinzu!

MARC

LEADER 00000nam a22000003a 4500
001 stu279223
005 20220317191342.0
008 131203s2013----gw------------------eng-d
020 |a 978-3-944438-01-6 
040 |a STU  |b slo 
041 0 |a eng 
044 |a gw 
100 1 |a Černičková, Ivona,  |d 1974-  |4 aut  |u M130  |9 100  |U MTF Materiálovotechnologická fakulta  |T MTF Katedra materiálového inžinierstva  |X 66646  |U M130  |Y 481  |7 A000066646 
245 1 |a Complex Metallic Alloys :  |b Structure and Thermodynamic Properties of Their Phases 
250 |a 1st. ed. 
260 |a Dresden :  |b IFW,  |c 2013 
300 |a 96 s 
650 7 |a complex metallic alloy  |2 estusub 
650 7 |a quasicrystal  |2 estusub 
650 7 |a thermodynamics  |2 estusub 
700 1 |a Dusza, Ján,  |d 1952-  |4 rev  |u M1000  |U MTF Materiálovotechnologická fakulta  |T MTF Ústav materiálov  |X 38005  |U M1000  |Y 81  |7 A000038005 
700 1 |a Maťko, Igor  |4 rev 
856 4 |a podklad  |u https://is.stuba.sk/vv/pub_priloha.pl?id=278232  |3 PODKL 
996 |b 284M086722  |c M* 13877-1  |l MMKN  |s A  |a 24  |w stu279223_0001